[Event "Minsk op"]
[Site "Minsk"]
[Date "2023.11.08"]
[Round "6"]
[White "Shaban, Alena"]
[Black "Matseralnik, Vera"]
[Result "1-0"]
[WhiteElo "1918"]
[BlackElo "1275"]
[PlyCount "75"]
[EventDate "2023.11.03"]
[EventType "swiss"]
[EventRounds "9"]
[EventCountry "BLR"]
[SourceTitle "CB46_2023"]
[SourceDate "2023.11.15"]
[SourceVersion "1"]
[SourceVersionDate "2023.11.15"]
[SourceQuality "1"]

1. Nf3 Nf6 2. g3 g6 3. Bg2 Bg7 4. 0-0 0-0 5. d3 d5 6. Nbd2 c6 7. e4 dxe4 8. dxe4 Qc7 9. Qe2 Rd8 10. Re1 Na6 11. a3 Nc5 12. e5 Nd5 13. Ne4 Ne6 14. c4 Nb6 15. Bf4 Nxf4 16. gxf4 Bf5 17. Nh4 Be6 18. Rac1 Rd4 19. b3 Rad8 20. Nf3 Bg4 21. h3 Bh5 22. Rcd1 c5 23. Qc2 Rxd1 24. Rxd1 Rxd1+ 25. Qxd1 Bh6 26. Qd2 Nd7 27. Qd5 Bxf4 28. e6 Nb6 29. exf7+ Kf8 30. Qxc5 Qd7 31. Qd4 Qxd4 32. Nxd4 Nd7 33. Ne6+ Kxf7 34. Nxf4 Bd1 35. b4 Ne5 36. c5 Nc4 37. Nc3 Bc2 38. Bd5+ 1-0